00309nam a2200121Ia 450000500170000000800410001708200130005810000150007124500240008626000390011030000130014965000250016220250408015514.0240331s9999 xx 000 0 und d bMUTa100 aMuthiah, N 0aEelathu siththarkal aChennaibKumaran Pathippagamc1994 a192 p ., aMystics of Sri Lanka